000 00601nam a2200157 i 4500
001 34206
003 ES-MaACL
005 20230906154907.0
007 t|
008 030204s1910 sp ||||1| spa d
100 1 _aBlanco y Sánchez, Rufino.
_929311
245 1 0 _aPedagogía clásica
_b: Platón : sus doctrinas pedagógicas : la heurística : primera exposición y ejemplos del procedimiento de enseñanza socrática /
_cRufino Blanco y Sánchez.
260 _aMadrid :
_b[s.n.,
_c1910] (
_fTipografía de la Revista de Archivos)
300 _a189 p. ;
_c18 cm.
852 _aES-MaACL
_jA-5025
_bR.16935
999 _c34206
_d34206